| 000 -LEADER |
| fixed length control field |
00319nam a2200109Ia 4500 |
| 008 - FIXED-LENGTH DATA ELEMENTS--GENERAL INFORMATION |
| fixed length control field |
200302s9999 xx 000 0 und d |
| 100 ## - MAIN ENTRY--PERSONAL NAME |
| Personal name |
Dr. B. Subrahmanyam |
| 245 ## - TITLE STATEMENT |
| Title |
Pre, Proto and Early Historic Cultures of Krishna Tungabhadra Valley |
| 260 ## - PUBLICATION, DISTRIBUTION, ETC. |
| Name of publisher, distributor, etc. |
Bharatiya Kala Prakahan Delhi |
| 260 ## - PUBLICATION, DISTRIBUTION, ETC. |
| Date of publication, distribution, etc. |
1997 |
| 300 ## - PHYSICAL DESCRIPTION |
| Extent |
312 P., |